South Eastern Kenya University

Library Online Public Access Catalogue


Valuing people : (Record no. 1445)

MARC details
000 -LEADER
fixed length control field 00517nam a22001457a 4500
020 ## - ISBN
International Standard Book Number 085364991X
050 ## - LIBRARY OF CONGRESS CALL NUMBER
Classification Number R725.56
Item Number .J66 1999.
100 ## - MAIN ENTRY--Author
Personal name Jones, D. Gareth (David Gareth)
245 ## - TITLE
Title Valuing people :
Remainder of title human value in a world of medical technology
260 ## - PUBLICATION, DISTRIBUTION, ETC.(IMPRINT)
Place of publication, distribution, etc Carlisle :
Name of publisher, distributor, etc Paternoster Press,
Date of publication, distribution, etc 1999.
300 ## - PHYSICAL DESCRIPTION
Extent xi, 241 p. :
500 ## - GENERALNOTE
General note 22 cm.
650 ## - SUBJECT--TOPIC
Topical term following geographic name as entry element Medical ethics -- Religious aspects -- Christianity, Medical ethics -- Decision making, Christian ethics.
Form subdivision Book :
General subdivision English
942 ## - ADDED ENTRY ELEMENTS(KOHA)
Koha item type General circulation
Holdings
Source of classification or shelving scheme Not for loan Location (home branch) Sublocation (holding branch) Date accessioned Cost, normal purchase price Full call number Barcode Cost, replacement price Koha item type Public note
Library of Congress Classification   Main Campus Library Main Campus Library 21/08/2014 1019.64 R725.56 .J66 1999. 2017/020541 1519.00 General circulation leo
Kitui, Kenya.
+254736116989
library@seku.ac.ke